[Event "British Columbia-ch"]
[Site "Vancouver CAN"]
[Date "1999.04.04"]
[Round "7"]
[White "Sokourinski, Sergei"]
[Black "Martinovsky, Ian"]
[Result "1-0"]
[WhiteElo "2286"]
[BlackElo "2261"]
[PlyCount "51"]
[GameId "2160767911805312"]
[EventDate "1999.04.01"]
[EventType "tourn"]
[EventRounds "9"]
[EventCountry "CAN"]

1. d4 f5 2. e4 d6 3. exf5 Bxf5 4. Qf3 Qc8 5. Bd3 Bxd3 6. Qxd3 Nf6 7. Nf3 Na6 8. O-O c6 9. Re1 Nc7 10. c4 Qd7 11. Nc3 O-O-O 12. b4 h6 13. b5 cxb5 14. Nxb5 Nxb5 15. cxb5 g5 16. d5 Rg8 17. Nd4 Nxd5 18. Ne6 Nf4 19. Bxf4 gxf4 20. Qc4+ Kb8 21. Nxd8 Rxg2+ 22. Kxg2 Qg4+ 23. Kf1 Bg7 24. Qd5 Qh3+ 25. Qg2 Qd3+ 26. Kg1 1-0

[Event "British Columbia-ch"]
[Site "Vancouver CAN"]
[Date "1999.04.04"]
[Round "7"]
[White "Yoos, John"]
[Black "Milat, Marcel"]
[Result "1-0"]
[WhiteElo "2291"]
[BlackElo "2242"]
[PlyCount "47"]
[GameId "2160767911805313"]
[EventDate "1999.04.01"]
[EventType "tourn"]
[EventRounds "9"]
[EventCountry "CAN"]
[SourceTitle "EXT 2001"]
[Source "ChessBase"]
[SourceDate "2000.11.22"]
[SourceVersion "1"]
[SourceVersionDate "2000.11.22"]
[SourceQuality "1"]

1. e4 e6 2. d4 d5 3. e5 c5 4. c3 Qb6 5. Nf3 Nc6 6. a3 Bd7 7. b4 cxd4 8. cxd4 Rc8 9. Be3 Nh6 10. Bd3 Ng4 11. O-O Be7 12. Qe1 Nxe3 13. fxe3 f5 14. exf6 Bxf6 15. Kh1 O-O 16. Nc3 Ne7 17. Rc1 g6 18. Qg3 Qc7 19. Qxc7 Rxc7 20. Ne4 dxe4 21. Rxc7 exf3 22. Rxd7 fxg2+ 23. Kxg2 Nd5 24. Rf3 1-0

[Event "British Columbia-ch"]
[Site "Vancouver CAN"]
[Date "1999.04.05"]
[Round "8"]
[White "Davies, Alex"]
[Black "Sokourinski, Sergei"]
[Result "1-0"]
[WhiteElo "2143"]
[BlackElo "2286"]
[PlyCount "81"]
[GameId "2160767911805315"]
[EventDate "1999.04.01"]
[EventType "tourn"]
[EventRounds "9"]
[EventCountry "CAN"]

1. e4 c6 2. d4 d5 3. e5 c5 4. dxc5 Nc6 5. Bb5 e6 6. Nf3 Bxc5 7. O-O Nge7 8. c3 Bd7 9. Qe2 Ng6 10. Bd3 Bb6 11. Re1 Bc7 12. Bxg6 hxg6 13. Na3 a6 14. Nc2 Bb6 15. Be3 Ne7 16. Bxb6 Qxb6 17. Ncd4 Nf5 18. Rad1 Rc8 19. Rd2 Bb5 20. Nxb5 Qxb5 21. Qxb5+ axb5 22. a3 Kd7 23. Ng5 Ke7 24. h3 Rc6 25. Nf3 Rc4 26. Rd3 Re4 27. Rdd1 Rxe1+ 28. Rxe1 f6 29. g4 Nh4 30. Nd4 g5 31. exf6+ gxf6 32. Rxe6+ Kf7 33. Rb6 Re8 34. Rxb7+ Kg6 35. Kf1 Re5 36. Rxb5 f5 37. gxf5+ Nxf5 38. Nf3 Re4 39. Rxd5 Rf4 40. Rd3 Kh5 41. b4 1-0

[Event "British Columbia-ch"]
[Site "Vancouver CAN"]
[Date "1999.04.05"]
[Round "8"]
[White "Hallam, John"]
[Black "Martinovsky, Ian"]
[Result "0-1"]
[WhiteElo "2296"]
[BlackElo "2261"]
[PlyCount "124"]
[GameId "2160767911805316"]
[EventDate "1999.04.01"]
[EventType "tourn"]
[EventRounds "9"]
[EventCountry "CAN"]

1. d4 d6 2. c4 f5 3. g3 Nf6 4. Bg2 g6 5. Nf3 Bg7 6. b3 O-O 7. Bb2 c6 8. Qc2 Na6 9. a3 Nc7 10. Nbd2 Qe8 11. O-O h6 12. e4 fxe4 13. Nxe4 Nxe4 14. Qxe4 Bf5 15. Qe3 g5 16. Rfe1 e6 17. Nd2 Qf7 18. Ne4 Rad8 19. Qd2 d5 20. Nc5 b6 21. Nb7 Rd7 22. c5 Ne8 23. Nd6 Nxd6 24. cxd6 Rc8 25. b4 Qf6 26. Re2 Rxd6 27. Qe3 h5 28. f3 Rdd8 29. h3 Re8 30. g4 Bg6 31. Rc1 h4 32. Rf2 Bh6 33. Bf1 b5 34. Re1 Re7 35. Kg2 Kf7 36. Be2 Ke8 37. Bd1 Qf4 38. Qxf4 gxf4 39. Bc2 Bxc2 40. Rxc2 Kd7 41. Kf2 Bg7 42. Rc5 Ree8 43. Re2 Ra8 44. Bc3 Bf8 45. Re5 Bd6 46. Bd2 Bxe5 47. dxe5 Rf8 48. Ke2 Kc7 49. Kd3 d4 50. Ke4 Rf7 51. Bxf4 a5 52. Rc1 axb4 53. axb4 Ra3 54. Rd1 c5 55. bxc5 Kc6 56. Rxd4 Kxc5 57. Be3 Rxe3+ 58. Kxe3 Rxf3+ 59. Kxf3 Kxd4 60. Kf4 b4 61. g5 b3 62. g6 b2 0-1

[Event "British Columbia-ch"]
[Site "Vancouver CAN"]
[Date "1999.04.05"]
[Round "8"]
[White "Milat, Marcel"]
[Black "Zuk, Robert"]
[Result "1/2-1/2"]
[WhiteElo "2242"]
[BlackElo "2305"]
[PlyCount "22"]
[GameId "2160767911805317"]
[EventDate "1999.04.01"]
[EventType "tourn"]
[EventRounds "9"]
[EventCountry "CAN"]
[SourceTitle "EXT 2001"]
[Source "ChessBase"]
[SourceDate "2000.11.22"]
[SourceVersion "1"]
[SourceVersionDate "2000.11.22"]
[SourceQuality "1"]

1. e4 e6 2. d4 d5 3. Nd2 c5 4. exd5 exd5 5. Ngf3 Nc6 6. Bb5 Bd6 7. dxc5 Bxc5 8. Nb3 Bb6 9. O-O Nge7 10. Re1 O-O 11. Be3 Bg4 1/2-1/2

[Event "British Columbia-ch"]
[Site "Vancouver CAN"]
[Date "1999.04.05"]
[Round "8"]
[White "Milicevic, Dragoljub"]
[Black "Ferguson, Jim"]
[Result "1/2-1/2"]
[WhiteElo "2226"]
[BlackElo "2195"]
[PlyCount "105"]
[GameId "2160767911805318"]
[EventDate "1999.04.01"]
[EventType "tourn"]
[EventRounds "9"]
[EventCountry "CAN"]
[SourceTitle "EXT 2001"]
[Source "ChessBase"]
[SourceDate "2000.11.22"]
[SourceVersion "1"]
[SourceVersionDate "2000.11.22"]
[SourceQuality "1"]

1. Nf3 Nf6 2. g3 g6 3. Bg2 Bg7 4. O-O O-O 5. d4 d6 6. c4 Nbd7 7. Nc3 e5 8. e4 c6 9. h3 Qb6 10. d5 cxd5 11. Nxd5 Nxd5 12. Qxd5 Nc5 13. b4 Qxb4 14. Qxd6 Qb6 15. Qxb6 axb6 16. Be3 Be6 17. Nd2 Ra4 18. Rfb1 Nd7 19. Bf1 Rfa8 20. Rb2 Bf8 21. g4 Nc5 22. Rxb6 Rxa2 23. Rxa2 Rxa2 24. Rb5 Bd7 25. Rb6 Bc6 26. f3 Ra3 27. Bf2 Nd3 28. Nb1 Nxf2 29. Nxa3 Bxa3 30. Rb1 Bc5 31. Kg2 Kg7 32. Kg3 g5 33. Be2 b6 34. h4 h6 35. Ra1 Bd4 36. Ra7 Kg6 37. Rc7 Ba4 38. c5 bxc5 39. Bc4 gxh4+ 40. Kxh4 Nd1 41. Bxf7+ Kf6 42. Bd5 Be3 43. Ra7 Bg5+ 44. Kg3 Bf4+ 45. Kh4 Bb5 46. Rb7 Bg5+ 47. Kg3 Bf4+ 48. Kh4 Bg5+ 49. Kh3 Bf1+ 50. Kg3 Ne3 51. Rb6+ Kg7 52. Rb7+ Kf6 53. Rb6+ 1/2-1/2

[Event "British Columbia-ch"]
[Site "Vancouver CAN"]
[Date "1999.04.05"]
[Round "9"]
[White "Ferguson, Jim"]
[Black "Hallam, John"]
[Result "1-0"]
[WhiteElo "2195"]
[BlackElo "2296"]
[PlyCount "67"]
[GameId "2160767911805320"]
[EventDate "1999.04.01"]
[EventType "tourn"]
[EventRounds "9"]
[EventCountry "CAN"]

1. e4 c5 2. Nf3 Nc6 3. b3 Nf6 4. e5 Nd5 5. Bb2 e6 6. Bb5 Qb6 7. Bxc6 Qxc6 8. O-O Be7 9. d3 O-O 10. Nbd2 f5 11. exf6 Bxf6 12. Bxf6 gxf6 13. Ne4 b6 14. Qd2 Qc7 15. Qh6 Bb7 16. g3 Qd8 17. a3 Qe7 18. c4 Nc7 19. Rae1 d5 20. Ned2 Qg7 21. Qf4 e5 22. Qe3 Bc8 23. Nh4 Bh3 24. Ng2 dxc4 25. dxc4 Ne6 26. f4 exf4 27. Nxf4 Nxf4 28. Rxf4 Rae8 29. Qxe8 Rxe8 30. Rxe8+ Kf7 31. Rfe4 Qh6 32. R4e7+ Kg6 33. Rg8+ Kf5 34. Nf3 1-0

[Event "British Columbia-ch"]
[Site "Vancouver CAN"]
[Date "1999.04.05"]
[Round "9"]
[White "Martinovsky, Ian"]
[Black "Davies, Alex"]
[Result "0-1"]
[WhiteElo "2261"]
[BlackElo "2143"]
[PlyCount "114"]
[GameId "2160767911805321"]
[EventDate "1999.04.01"]
[EventType "tourn"]
[EventRounds "9"]
[EventCountry "CAN"]

1. f4 d5 2. g3 g6 3. Bg2 Bg7 4. c3 c5 5. Nf3 Nc6 6. O-O Nf6 7. Na3 O-O 8. d3 d4 9. cxd4 cxd4 10. Nc4 Nd5 11. Qb3 Rb8 12. a4 a6 13. a5 b5 14. axb6 Nxb6 15. Bd2 Be6 16. Qc2 Nxc4 17. dxc4 Qb6 18. c5 Qxb2 19. Qxb2 Rxb2 20. Rxa6 Bd5 21. Rb6 Rb8 22. Rxb8+ Nxb8 23. Ra1 d3 24. exd3 Rxd2 25. Nxd2 Bd4+ 26. Kf1 Bxg2+ 27. Kxg2 Bxa1 28. Nb3 Bc3 29. Kf3 e6 30. d4 Kf8 31. Ke4 Ke7 32. Kd3 Be1 33. Kc4 Kd7 34. Nc1 Nc6 35. Nd3 Bd2 36. g4 Be3 37. d5 exd5+ 38. Kxd5 f6 39. h4 Ne7+ 40. Ke4 Bg1 41. h5 gxh5 42. gxh5 Kc6 43. f5 Nd5 44. Ne5+ fxe5 45. Kxe5 Kxc5 46. Ke6 Bd4 47. Kf7 Kd6 48. h6 Nf6 49. Kg7 Ke5 50. Kh8 Kxf5 51. Kg7 Bc5 52. Kh8 Ke6 53. Kg7 Ke7 54. Kh8 Ne4 55. Kg7 Ng3 56. Kxh7 Kf7 57. Kh8 Ne4 0-1

[Event "British Columbia-ch"]
[Site "Vancouver CAN"]
[Date "1999.04.05"]
[Round "9"]
[White "Yoos, John"]
[Black "Milicevic, Dragoljub"]
[Result "1-0"]
[WhiteElo "2291"]
[BlackElo "2226"]
[PlyCount "71"]
[GameId "2160767911805323"]
[EventDate "1999.04.01"]
[EventType "tourn"]
[EventRounds "9"]
[EventCountry "CAN"]
[SourceTitle "EXT 2001"]
[Source "ChessBase"]
[SourceDate "2000.11.22"]
[SourceVersion "1"]
[SourceVersionDate "2000.11.22"]
[SourceQuality "1"]

1. e4 d5 2. exd5 Nf6 3. d4 Nxd5 4. c4 Nb6 5. Nf3 g6 6. Nc3 Bg7 7. Be2 O-O 8. O-O Nc6 9. d5 Ne5 10. c5 Nxf3+ 11. Bxf3 Nd7 12. Be3 Ne5 13. Be2 f5 14. Qd2 Nf7 15. Bc4 b6 16. b4 a5 17. a3 Kh8 18. f4 Ba6 19. Bxa6 Rxa6 20. Rad1 axb4 21. axb4 bxc5 22. bxc5 e5 23. Qe2 Ra5 24. Nb5 Qd7 25. fxe5 Nxe5 26. Nd4 Qxd5 27. Nxf5 Qc4 28. Qe1 Ra2 29. Nxg7 Rxg2+ 30. Kxg2 Qe4+ 31. Kg1 Nf3+ 32. Rxf3 Qxf3 33. Bf2 Qg4+ 34. Bg3 Kxg7 35. Qe5+ Kh6 36. Rd4 1-0

[Event "CAN-ch"]
[Site "Brantford"]
[Date "1999.08.31"]
[Round "1"]
[White "Allan, Denis"]
[Black "Reddy, Tyler"]
[Result "1-0"]
[WhiteElo "2295"]
[BlackElo "2027"]
[PlyCount "96"]
[GameId "2160767911742301"]
[EventDate "1999.08.31"]
[EventType "swiss"]
[EventRounds "9"]
[EventCountry "CAN"]
[SourceTitle "EXT 2000"]
[Source "ChessBase"]
[SourceDate "1999.11.18"]
[SourceVersion "1"]
[SourceVersionDate "1999.11.18"]
[SourceQuality "1"]

1. Nf3 Nf6 2. d4 d5 3. c4 dxc4 4. Qa4+ c6 5. Qxc4 Be6 6. Qc2 g6 7. e4 Bg7 8. h3 O-O 9. Nc3 h6 10. Be3 Qa5 11. Be2 Nbd7 12. O-O Nb6 13. Nd2 Nfd7 14. a3 Nc8 15. Rfd1 f5 16. d5 cxd5 17. exd5 Bf7 18. Nb3 Qd8 19. Nd4 Nd6 20. Ne6 Bxe6 21. dxe6 Nf6 22. Bf4 Nfe8 23. Nb5 g5 24. Bxd6 Nxd6 25. Qb3 Kh7 26. Nxd6 exd6 27. Qxb7 Qf6 28. Qd5 Rac8 29. Bd3 Qe5 30. Qxe5 dxe5 31. Bb5 Rc7 32. Bd7 Bf6 33. Rac1 Rb7 34. b4 Kg6 35. g4 f4 36. Bc6 Re7 37. Be4+ Kg7 38. Rc6 Rfe8 39. Rdd6 Rb8 40. Kg2 Rbe8 41. b5 Rb8 42. a4 Rbb7 43. Rc8 Rbc7 44. Rxc7 Rxc7 45. a5 Be7 46. Rd7 Rxd7 47. exd7 Bd8 48. b6 axb6 1-0

[Event "CAN-ch"]
[Site "Brantford"]
[Date "1999.08.31"]
[Round "1"]
[White "Campbell, Brett"]
[Black "Day, Lawrence"]
[Result "1/2-1/2"]
[WhiteElo "2197"]
[BlackElo "2319"]
[PlyCount "66"]
[GameId "2160767911742303"]
[EventDate "1999.08.31"]
[EventType "swiss"]
[EventRounds "9"]
[EventCountry "CAN"]
[SourceTitle "EXT 2000"]
[Source "ChessBase"]
[SourceDate "1999.11.18"]
[SourceVersion "1"]
[SourceVersionDate "1999.11.18"]
[SourceQuality "1"]

1. Nf3 Nc6 2. g3 e5 3. d3 f5 4. Bg2 Nf6 5. O-O Be7 6. c4 O-O 7. Nc3 Qe8 8. e3 d6 9. Rb1 Bd8 10. b4 Kh8 11. b5 Ne7 12. Ne1 c6 13. f4 exf4 14. exf4 Bb6+ 15. Kh1 Be6 16. Qe2 Qd7 17. Nf3 Bf7 18. Be3 Ba5 19. Qc2 Rfe8 20. Bd4 Neg8 21. bxc6 bxc6 22. Ng5 Rac8 23. Qa4 Bxc3 24. Bxc3 Bh5 25. Rfe1 Ng4 26. Rxe8 Bxe8 27. Bd4 h6 28. Nf3 c5 29. Qxd7 Bxd7 30. Rb7 cxd4 31. Rxd7 Nf2+ 32. Kg1 Nxd3 33. Rxd6 Rxc4 1/2-1/2

[Event "CAN-ch"]
[Site "Brantford"]
[Date "1999.08.31"]
[Round "1"]
[White "Glinert, Stephen"]
[Black "Khassanov, Marat"]
[Result "1/2-1/2"]
[WhiteElo "2191"]
[BlackElo "2367"]
[PlyCount "95"]
[GameId "2160767911742305"]
[EventDate "1999.08.31"]
[EventType "swiss"]
[EventRounds "9"]
[EventCountry "CAN"]
[SourceTitle "EXT 2000"]
[Source "ChessBase"]
[SourceDate "1999.11.18"]
[SourceVersion "1"]
[SourceVersionDate "1999.11.18"]
[SourceQuality "1"]

1. e4 c5 2. Nc3 Nc6 3. g3 g6 4. Bg2 Bg7 5. d3 e6 6. Be3 d6 7. Qd2 Rb8 8. Nge2 Nd4 9. O-O b5 10. Nc1 Ne7 11. Nd1 b4 12. c3 Ndc6 13. Bh6 O-O 14. Bxg7 Kxg7 15. Ne3 d5 16. exd5 Nxd5 17. Nxd5 exd5 18. Nb3 c4 19. dxc4 dxc4 20. Bxc6 cxb3 21. Qd4+ Qxd4 22. cxd4 Rd8 23. d5 bxa2 24. Rxa2 a6 25. Re1 Kf6 26. Ra4 Rb6 27. Re4 Bh3 28. f3 Bf5 29. Rexb4 Rdb8 30. Rxb6 Rxb6 31. g4 Bc2 32. Rf4+ Ke7 33. b4 g5 34. Rd4 Kd6 35. Kf2 f5 36. Rd2 Bb3 37. gxf5 Rxb4 38. Rb2 a5 39. f6 a4 40. Bxa4 Rxa4 41. Rxb3 Kxd5 42. Rb7 g4 43. fxg4 Rxg4 44. Kf3 Rg6 45. Rxh7 Rxf6+ 46. Kg4 Ke6 47. Rg7 Rf2 48. Kg3 1/2-1/2

[Event "CAN-ch"]
[Site "Brantford"]
[Date "1999.08.31"]
[Round "1"]
[White "Jung, Hans"]
[Black "Schleifer, Michael"]
[Result "1-0"]
[WhiteElo "2251"]
[BlackElo "2333"]
[PlyCount "107"]
[GameId "2160767911742307"]
[EventDate "1999.08.31"]
[EventType "swiss"]
[EventRounds "9"]
[EventCountry "CAN"]
[SourceTitle "EXT 2000"]
[Source "ChessBase"]
[SourceDate "1999.11.18"]
[SourceVersion "1"]
[SourceVersionDate "1999.11.18"]
[SourceQuality "1"]

1. e4 e5 2. Nf3 Nc6 3. Bb5 a6 4. Ba4 Nf6 5. Qe2 b5 6. Bb3 Be7 7. c3 d6 8. h3 O-O 9. O-O Na5 10. Bc2 c5 11. Rd1 Qc7 12. d3 Re8 13. Nbd2 Nc6 14. Nf1 Be6 15. Ng3 a5 16. a4 b4 17. Ng5 bxc3 18. bxc3 Rab8 19. Nxe6 fxe6 20. Bg5 h6 21. Bxf6 Bxf6 22. Rab1 Kh8 23. Qg4 Qf7 24. Rb5 Rf8 25. Rd2 Rxb5 26. axb5 Na7 27. b6 Nc6 28. Ba4 Nd8 29. Rb2 Bg5 30. Qd1 g6 31. Qb1 Nb7 32. Qa2 Rb8 33. Bb3 Re8 34. Bc4 h5 35. Ba6 h4 36. Nf1 d5 37. Bxb7 Qxb7 38. Qxa5 Rc8 39. exd5 exd5 40. Qa7 Rb8 41. Qa4 Bf6 42. Qg4 Kg7 43. Ne3 Qc6 44. Rb3 c4 45. dxc4 d4 46. cxd4 exd4 47. Nf5+ Kh7 48. Nxh4 Qe8 49. Nf3 Qa4 50. Rb1 Qxc4 51. Qf4 Qd3 52. Qc7+ Bg7 53. Re1 Rg8 54. b7 1-0

[Event "CAN-ch"]
[Site "Brantford"]
[Date "1999.08.31"]
[Round "1"]
[White "Nickoloff, Bryon"]
[Black "Gardner, Robert"]
[Result "1-0"]
[WhiteElo "2421"]
[BlackElo "2247"]
[PlyCount "70"]
[GameId "2160767911742309"]
[EventDate "1999.08.31"]
[EventType "swiss"]
[EventRounds "9"]
[EventCountry "CAN"]
[SourceTitle "EXT 2000"]
[Source "ChessBase"]
[SourceDate "1999.11.18"]
[SourceVersion "1"]
[SourceVersionDate "1999.11.18"]
[SourceQuality "1"]

1. Nf3 f5 2. g3 Nf6 3. Bg2 g6 4. c4 Bg7 5. Nc3 d6 6. d4 O-O 7. O-O Nc6 8. d5 Ne5 9. Nxe5 dxe5 10. Qb3 Kh8 11. Be3 a6 12. Rad1 h6 13. Na4 e4 14. f3 exf3 15. exf3 b6 16. f4 Ne4 17. c5 b5 18. Nc3 Nxc3 19. bxc3 Rb8 20. Rfe1 Qe8 21. Bd4 Bxd4+ 22. cxd4 Qf7 23. Re5 Re8 24. Rde1 Kg7 25. Qe3 Kf8 26. d6 cxd6 27. cxd6 Bd7 28. Rxe7 Rxe7 29. dxe7+ Kg8 30. Qe5 Qe8 31. Bd5+ Kh7 32. Qf6 Qh8 33. Qxh8+ Kxh8 34. Bf7 Kg7 35. e8=Q g5 1-0

[Event "CAN-ch"]
[Site "Brantford"]
[Date "1999.08.31"]
[Round "1"]
[White "Spraggett, Kevin"]
[Black "Gentes, Kevin"]
[Result "1-0"]
[WhiteElo "2521"]
[BlackElo "2325"]
[PlyCount "81"]
[GameId "2160767911742311"]
[EventDate "1999.08.31"]
[EventType "swiss"]
[EventRounds "9"]
[EventCountry "CAN"]
[SourceTitle "EXT 2000"]
[Source "ChessBase"]
[SourceDate "1999.11.18"]
[SourceVersion "1"]
[SourceVersionDate "1999.11.18"]
[SourceQuality "1"]

1. d4 d5 2. c4 e6 3. Nf3 c5 4. cxd5 exd5 5. g3 Nc6 6. Bg2 Nf6 7. O-O Be7 8. Nc3 O-O 9. dxc5 Bxc5 10. Bg5 d4 11. Bxf6 Qxf6 12. Nd5 Qd8 13. Nd2 Re8 14. Rc1 Bb6 15. Nc4 Bg4 16. Re1 Ba5 17. Nxa5 Qxa5 18. b4 Nxb4 19. Qxd4 Nxd5 20. Qxg4 Rad8 21. Qc4 b5 22. Qb3 Nf6 23. Bc6 Re5 24. Red1 Rd2 25. Rxd2 Qxd2 26. Rd1 Qxe2 27. Rd8+ Ne8 28. Kg2 h6 29. Ra8 Kh7 30. Qxf7 Nd6 31. Qg8+ Kg6 32. Bf3 Qc4 33. Qf8 Nf5 34. Rxa7 b4 35. h4 Qc2 36. Bg4 Qe4+ 37. Bf3 Qc2 38. h5+ Kh7 39. Ra8 Ne3+ 40. Kg1 Qb1+ 41. Kh2 1-0

[Event "CAN-ch"]
[Site "Brantford"]
[Date "1999.08.31"]
[Round "1"]
[White "Yoos, John"]
[Black "Crisan, Ioan"]
[Result "1-0"]
[WhiteElo "2302"]
[BlackElo "2247"]
[PlyCount "91"]
[GameId "2160767911742312"]
[EventDate "1999.08.31"]
[EventType "swiss"]
[EventRounds "9"]
[EventCountry "CAN"]
[SourceTitle "EXT 2000"]
[Source "ChessBase"]
[SourceDate "1999.11.18"]
[SourceVersion "1"]
[SourceVersionDate "1999.11.18"]
[SourceQuality "1"]

1. e4 c5 2. Nf3 d6 3. d4 cxd4 4. Nxd4 Nf6 5. Nc3 a6 6. Bg5 e6 7. f4 Be7 8. Qd3 Qc7 9. Be2 Nbd7 10. O-O-O b5 11. Bxf6 gxf6 12. Bf3 b4 13. Nce2 Bb7 14. Kb1 Rc8 15. Ng3 Nc5 16. Qd2 Qb6 17. Rhe1 a5 18. f5 e5 19. Nb3 a4 20. Nc1 b3 21. cxb3 axb3 22. a3 h5 23. Qb4 Qxb4 24. axb4 Na6 25. b5 Nc5 26. Re3 h4 27. Nf1 Kd7 28. Nd2 Rhd8 29. Nc4 Ke8 30. Na5 Ba8 31. Ncxb3 d5 32. exd5 e4 33. Nxc5 exf3 34. Nab7 Bxb7 35. Nxb7 Rd7 36. gxf3 Rxb7 37. d6 Kf8 38. dxe7+ Ke8 39. Rd5 Ra7 40. Re4 Rb8 41. Rd8+ Rxd8 42. exd8=Q+ Kxd8 43. Rxh4 Rd7 44. b6 Kc8 45. Rc4+ Kb8 46. Rc6 1-0

[Event "CAN-ch"]
[Site "Brantford"]
[Date "1999.08.31"]
[Round "1"]
[White "Zugic, Igor"]
[Black "Pushkedra, Frank"]
[Result "1-0"]
[WhiteElo "2406"]
[BlackElo "2345"]
[PlyCount "85"]
[GameId "2160767911742313"]
[EventDate "1999.08.31"]
[EventType "swiss"]
[EventRounds "9"]
[EventCountry "CAN"]
[SourceTitle "EXT 2000"]
[Source "ChessBase"]
[SourceDate "1999.11.18"]
[SourceVersion "1"]
[SourceVersionDate "1999.11.18"]
[SourceQuality "1"]

1. d4 Nf6 2. Nf3 g6 3. c4 Bg7 4. g3 O-O 5. Bg2 d6 6. O-O Nc6 7. Nc3 a6 8. d5 Na5 9. Nd2 c5 10. Qc2 Rb8 11. b3 b5 12. Bb2 Bh6 13. f4 bxc4 14. bxc4 e5 15. dxe6 Bxe6 16. Nd5 Rxb2 17. Qxb2 Bxd5 18. cxd5 Bg7 19. Qa3 Ng4 20. Rae1 Re8 21. Rf3 c4 22. Nf1 Qb6+ 23. e3 Bb2 24. Qa4 Re7 25. h3 Nf6 26. Rf2 c3 27. g4 Qc5 28. g5 Nxd5 29. f5 Qb4 30. Qd1 Nc7 31. Ng3 Nc4 32. Be4 Nd2 33. Bc2 Qh4 34. Kh2 Qxg5 35. Qe2 Nd5 36. Qxa6 Rxe3 37. Rg1 Nf6 38. Qa4 Nf3+ 39. Rxf3 Rxf3 40. Qa8+ Kg7 41. Qxf3 Bc1 42. fxg6 Bf4 43. Kh1 1-0

[Event "CAN-ch"]
[Site "Brantford"]
[Date "1999.09.01"]
[Round "2"]
[White "Berry, Jonathan"]
[Black "Yoos, John"]
[Result "1/2-1/2"]
[WhiteElo "2287"]
[BlackElo "2302"]
[PlyCount "38"]
[GameId "2160767911742314"]
[EventDate "1999.08.31"]
[EventType "swiss"]
[EventRounds "9"]
[EventCountry "CAN"]
[SourceTitle "EXT 2000"]
[Source "ChessBase"]
[SourceDate "1999.11.18"]
[SourceVersion "1"]
[SourceVersionDate "1999.11.18"]
[SourceQuality "1"]

1. d4 Nf6 2. Nf3 g6 3. Bg5 Bg7 4. Nbd2 O-O 5. c3 h6 6. Bh4 d6 7. e4 Nbd7 8. Be2 e5 9. dxe5 dxe5 10. Qc2 Qe7 11. O-O a5 12. Nc4 b6 13. Nfd2 Bb7 14. Rfe1 Rfe8 15. a4 Qf8 16. Ne3 Nc5 17. Bb5 Reb8 18. f3 Ne6 19. Rad1 Ne8 1/2-1/2

[Event "CAN-ch"]
[Site "Brantford"]
[Date "1999.09.01"]
[Round "2"]
[White "Duong, Thanh Nha"]
[Black "Nickoloff, Bryon"]
[Result "1/2-1/2"]
[WhiteElo "2332"]
[BlackElo "2421"]
[PlyCount "38"]
[GameId "2160767911742317"]
[EventDate "1999.08.31"]
[EventType "swiss"]
[EventRounds "9"]
[EventCountry "CAN"]
[SourceTitle "EXT 2000"]
[Source "ChessBase"]
[SourceDate "1999.11.18"]
[SourceVersion "1"]
[SourceVersionDate "1999.11.18"]
[SourceQuality "1"]

1. c4 Nf6 2. Nc3 c5 3. Nf3 e6 4. g3 Nc6 5. Bg2 d5 6. cxd5 Nxd5 7. O-O Be7 8. d4 O-O 9. e4 Nxc3 10. bxc3 cxd4 11. cxd4 Bf6 12. Be3 b6 13. e5 Be7 14. Ng5 Bxg5 15. Bxc6 Rb8 16. f4 Be7 17. Qf3 Qc7 18. Rac1 Bb7 19. Bxb7 Qxb7 1/2-1/2

[Event "CAN-ch"]
[Site "Brantford"]
[Date "1999.09.01"]
[Round "2"]
[White "Glinert, Stephen"]
[Black "Ross, Dave"]
[Result "1/2-1/2"]
[WhiteElo "2191"]
[BlackElo "2345"]
[PlyCount "76"]
[GameId "2160767911742320"]
[EventDate "1999.08.31"]
[EventType "swiss"]
[EventRounds "9"]
[EventCountry "CAN"]
[SourceTitle "EXT 2000"]
[Source "ChessBase"]
[SourceDate "1999.11.18"]
[SourceVersion "1"]
[SourceVersionDate "1999.11.18"]
[SourceQuality "1"]

1. e4 e6 2. Nc3 b6 3. g3 Bb7 4. Bg2 f5 5. d3 Bb4 6. Nge2 Ne7 7. O-O O-O 8. a3 Bxc3 9. Nxc3 Qc8 10. d4 fxe4 11. Nxe4 a5 12. Re1 a4 13. c4 Nf5 14. Bf4 Nh4 15. Bh1 Ng6 16. Bd2 Nc6 17. Bc3 Nce7 18. h4 d5 19. Ng5 Rf6 20. Qg4 Nf8 21. cxd5 Nxd5 22. h5 Nxc3 23. Bxb7 Qxb7 24. bxc3 Ra5 25. Nxe6 Nxe6 26. Rxe6 Qc8 27. Rae1 Rxe6 28. Qxe6+ Qxe6 29. Rxe6 Rb5 30. Rc6 Rb3 31. Rxc7 Rxa3 32. d5 Ra1+ 33. Kg2 Rd1 34. c4 h6 35. Ra7 b5 36. cxb5 Rxd5 37. b6 Rb5 38. b7 Kh7 1/2-1/2

[Event "CAN-ch"]
[Site "Brantford"]
[Date "1999.09.01"]
[Round "2"]
[White "Hamilton, Robert"]
[Black "Spraggett, Kevin"]
[Result "1/2-1/2"]
[WhiteElo "2315"]
[BlackElo "2521"]
[PlyCount "80"]
[GameId "2160767911742321"]
[EventDate "1999.08.31"]
[EventType "swiss"]
[EventRounds "9"]
[EventCountry "CAN"]
[SourceTitle "EXT 2000"]
[Source "ChessBase"]
[SourceDate "1999.11.18"]
[SourceVersion "1"]
[SourceVersionDate "1999.11.18"]
[SourceQuality "1"]

1. d4 Nf6 2. Nf3 e6 3. c4 b6 4. Nc3 Bb7 5. Bg5 h6 6. Bxf6 Qxf6 7. e3 g6 8. Be2 Bg7 9. O-O O-O 10. Nd2 d6 11. Bf3 Bxf3 12. Qxf3 Qxf3 13. Nxf3 Rc8 14. Rac1 Kf8 15. Rfd1 Ke7 16. Kf1 Nd7 17. d5 Ne5 18. Nxe5 Bxe5 19. Rd2 g5 20. Ne2 c6 21. f4 gxf4 22. exf4 Bf6 23. dxe6 fxe6 24. Nd4 d5 25. Re1 Bxd4 26. Rxd4 Kd6 27. cxd5 cxd5 28. Rd2 Rc4 29. g3 Rf8 30. Rde2 Rf6 31. Kf2 a5 32. Ke3 e5 33. fxe5+ Kxe5 34. Kd3+ Kd6 35. Re8 Rf3+ 36. R1e3 Rxe3+ 37. Rxe3 Rc1 38. Rf3 Ke5 39. Re3+ Kd6 40. Rf3 Ke5 1/2-1/2